000171234 001__ 171234
000171234 005__ 20260515163946.0
000171234 0247_ $$2doi$$a10.1136/bjo.2010.193078
000171234 0248_ $$2sideral$$a149300
000171234 037__ $$aART-2011-149300
000171234 041__ $$aeng
000171234 100__ $$aGarcia-Martin, E.
000171234 245__ $$aComparison of imiquimod 5% cream versus radiotherapy as treatment for eyelid basal cell carcinoma
000171234 260__ $$c2011
000171234 5203_ $$aBackground To compare the efficacy, cosmesis and tolerance of two non-surgical treatments—imiquimod (IMQ) 5% cream and radiotherapy (RT)—to combat periocular nodular basal cell carcinoma (BCC).
Methods Twenty-seven patients with clinical and histopathological diagnosis of nodular BCC on the eyelid were included and randomly selected: 15 patients were treated with IMQ 5% cream once daily, 5 days/week for 6 weeks, and 12 patients were treated with RT.
Results All tumours showed histopathological remission within 3 months of the treatment, and sustained clinical remission was documented in each patient after 24 months' follow-up. Treatment tolerability was rated as moderate with IMQ and good with RT. Functional results were better in patients treated with IMQ. Loss of eyelashes was reported for most of the patients treated with RT.
Conclusions IMQ and RT therapies are effective for treating eyelid nodular BCCs. Cosmesis and functional results were better with IMQ, while tolerability was higher with RT.
000171234 540__ $$9info:eu-repo/semantics/openAccess$$aAll rights reserved$$uhttp://www.europeana.eu/rights/rr-f/
000171234 590__ $$a2.902$$b2011
000171234 591__ $$aOPHTHALMOLOGY$$b10 / 58 = 0.172$$c2011$$dQ1$$eT1
000171234 655_4 $$ainfo:eu-repo/semantics/article$$vinfo:eu-repo/semantics/publishedVersion
000171234 700__ $$aGil-Arribas, L. M.
000171234 700__ $$aIdoipe, M.
000171234 700__ $$aAlfaro, J.
000171234 700__ $$0(orcid)0000-0002-1777-0349$$aPueyo, V.$$uUniversidad de Zaragoza
000171234 700__ $$aPablo, L. E.
000171234 700__ $$aFernandez, F. J.
000171234 7102_ $$11004$$2646$$aUniversidad de Zaragoza$$bDpto. Cirugía,Ginecol.Obstetr.$$cÁrea Oftalmología
000171234 773__ $$g95, 10 (2011), 1393-1396$$pBr. j. ophthalmol.$$tBritish Journal of Ophthalmology$$x0007-1161
000171234 8564_ $$s355137$$uhttps://zaguan.unizar.es/record/171234/files/texto_completo.pdf$$yVersión publicada
000171234 8564_ $$s3122406$$uhttps://zaguan.unizar.es/record/171234/files/texto_completo.jpg?subformat=icon$$xicon$$yVersión publicada
000171234 909CO $$ooai:zaguan.unizar.es:171234$$particulos$$pdriver
000171234 951__ $$a2026-05-15-14:55:39
000171234 980__ $$aARTICLE